| 000 | 00459nam a22001937a 4500 | ||
|---|---|---|---|
| 999 |
_c11050 _d11050 |
||
| 003 | OSt | ||
| 008 | 220104b ||||| |||| 00| 0 eng d | ||
| 020 | _a9789387034471 | ||
| 082 | _a170 GAA | ||
| 100 | _aGAUR,RR | ||
| 245 | _aA foundation Course in Human Values and Professional Ethics | ||
| 250 | _a2nd Ed | ||
| 260 |
_aNew Delhi _bExcel _c2019 |
||
| 300 | _a348 | ||
| 650 | _aME | ||
| 700 | _aASTHNA,R | ||
| 700 | _aBAGARIA,GP | ||
| 942 |
_2ddc _cBK _036 |
||